Responses for Show #7225 - Friday, January 29, 2016

Contestants

[<< previous game]

Sandy Hall, a nurse residency program manager originally from Evansville, Indiana

Chris Becker, a bus driver and trainer from Orlando, Florida

Mara Apostol, a criminal defense attorney from Miami, Florida (whose 1-day cash winnings total $16,801)

[next game >>]

Jeopardy! Round responses

WHICH NYC BOROUGH?
ANAGRAMMED BOOKS OF THE BIBLE
ALPHABET SOUP
LONG-RUNNING SITCOMS
DOUBLE-LETTER BRANDS BY SLOGAN
PO PRESENTS UNCONVENTIONAL WARRIORS
(Po: I'm Po, the Dragon Warrior, presenting five other unconventional warriors.)
    $200 21
Staten Island

Mara
    $200 1
Daniel

Mara
    $200 16
chicken soup

Mara
    $200 3
The Office

Chris
    $200 11
Hallmark

Sandy
    $200 26
(Horatio) Nelson

Chris
    $400 22
Manhattan

Chris
    $400 2
Exodus

Sandy
    $400 17
tomato

Mara
    $400 7
M*A*S*H

Chris
    $400 12
Gillette

Mara
    $400 28
Hans Christian Andersen

Chris
    $600 23
Brooklyn

Mara
    $600 4
Revelation

Mara
    $600 18
French onion soup

Chris
    $600 8
(Alex: Great title there.)

Troy McClure

Triple Stumper
    $600 13
Taco Bell

Mara
    $600 27
(Molly) Pitcher

Sandy
    $800 24
the Bronx

Chris
    $800 5
Hebrews

Chris
    $800 19
bisque

Mara
    $800 9
Entourage

Sandy
    $2,800 14
Jeep

Mara
    $800 29
Sir John Falstaff

Triple Stumper
    $1000 25
Queens

Chris
    $1000 6
Genesis

Mara
    $1000 20
albóndigas

Sandy
    $1000 10
Johnny Galecki

Sandy
    $1000 15
De Beers

Chris
    $1000 30
(Alex: And for your information, ladies and gentlemen, Kung Fu Panda 3 opens today nationwide. And I'm sure you all recognize the voice of Jack Black as Po the Panda. And our thanks, Jack.)

the Battle of New Orleans

Sandy

Scores at the first commercial break (after clue 15):

Mara Chris Sandy
$5,600 $2,400 $2,400

Scores at the end of the Jeopardy! Round:

Mara Chris Sandy
$7,800 $5,800 $5,000

Double Jeopardy! Round responses

ROTTEN TOMATOES
WHERE'S THAT BOOK?
(Alex: And next, we have an interesting twist to [*]. You'll see when we get into the category.)
SENIOR-ITIS
STARTS & ENDS WITH DIFFERENT VOWELS
THE WESTERN HEMISPHERE
BAND WITH
(Alex: ...not width.)
    $400 1
Heinz

Mara
    $400 7
Shel Silverstein

Chris
    $400 5
(Alex: Yes, Big Blue.)

IBM

Sandy
    $400 12
umpire

Sandy
    $400 26
Lima

Chris
    $400 21
Queen

Chris
    $800 2
Spain

Sandy
    $800 8
where angels fear to tread

Chris
    $800 17
Martin Luther King

Chris
    $800 13
incognito

Sandy
    $800 28
Bermuda

Mara
    $800 22
the Beach Boys

Chris
    $1200 3
fur

Mara
    $1200 9
Waldo

Sandy
    $1200 18
Ken Griffey

Chris
    $2,000 14
(Alex: Anything coming?)
(Sandy: No.)
(Alex: No. The correct response--what is [*]? And if you insert the "I", it's an ordinance.)

ordnance

Sandy
    $1200 29
Saskatchewan

Chris
    $1200 23
Pearl Jam

Sandy
    $1600 4
the Netherlands

Triple Stumper
    $2,000 10
Where the Wild Things Are

Sandy
    $1600 19
Johann Strauss

Triple Stumper
    $1600 15
aikido

Chris
    $1600 27
the Gulf of California

Chris
    $1600 24
(Chris: Who is Guns N' Roses?)

Bon Jovi

Chris
Triple Stumper
    $2000 6
calcium

Chris
    $2000 11
Bernadette

Mara
    $2000 20
Alexandre Dumas (Père)

Triple Stumper
    $2000 16
umbra

Chris
    $2000 30
Managua

Chris
    $2000 25
Steely Dan

Chris

Scores at the end of the Double Jeopardy! Round:

Mara Chris Sandy
$12,200 $21,400 $9,800

[wagering suggestions for these scores]

Final Jeopardy! Round responses

THE AMERICAN REVOLUTION
(Alex: [To Chris] "Fortune" very important to [*]. "If I'm be--going to be a traitor to my country, I wanna get paid.")
SandyWho was Hamilton?
$9,799
MaraWho is ?
$9,201
ChrisWho was Cornwallis?
$3,001
Benedict Arnold

Final scores:

Mara Chris Sandy
$2,999 $18,399 $1
2nd place: $2,000 New champion: $18,399 3rd place: $1,000

Game dynamics:

Coryat scores:

Mara Chris Sandy
$10,200 $21,400 $11,400
15 R
(including 1 DD),
0 W
24 R,
1 W
14 R
(including 1 DD),
1 W
(including 1 DD)

Combined Coryat: $43,000

[game clues] [game scores] [suggest correction]

Game tape date: 2015-12-15
The J! Archive is created by fans, for fans. Scraping, republication, monetization, and malicious use prohibited; this site may use cookies and collect identifying information. See terms. The Jeopardy! game show and all elements thereof, including but not limited to copyright and trademark thereto, are the property of Jeopardy Productions, Inc. and are protected under law. This website is not affiliated with, sponsored by, or operated by Jeopardy Productions, Inc. Join the discussion at JBoard.tv.